000 00692nam a2200265Ia 4500
003 OSt
005 20221006141647.0
006 a|||||r|||| 00| 0
007 ta
008 221006b |||||||| |||| 00| 0 jpn d
020 _c¥1850
024 _a3,736
037 _bGift, Japan Foundation
_cTextual
040 _aEASL
_cEASL
_bjpn
041 _2jpn
_ajpn
082 _aP42,D:4k, N6
100 _aKINDAICHI Haruhiko
245 0 _aYorei kogo jiten
260 _aTokyo
_bGakken Japan
_c1996
300 _a824p.
_ccm.
490 _v RR
650 _aJL
942 _hP42,D:4k, N6
_cTEXL
_2CC
999 _c1071822
_d1071822